Представление документа в формате MARC21

Поле Инд. ПП Название Значение
Тип записи a
Библиографический уровень b
001 Контрольный номер RU/IS/BASE/126886837
005 Дата корректировки 20200630193133.7
084 a Индекс другой классификации/Индекс ББК 74.241(2Рос); 74.5(2Рос)
100 1_ a Автор Зайцев Д. В.
245 a Заглавие Трансформация социально-образовательной политики России
504 a Библиография Библиогр. ссылки. - Примеч.
650 a Основная рубрика коррекционная педагогика (специальная педагогика)
a Основная рубрика образование
a Основная рубрика общее образование (школьное образование)
653 a Ключевые слова дети с ограниченными возможностями
a Ключевые слова дети-инвалиды
a Ключевые слова коррекционное обучение
a Ключевые слова образовательная политика
a Ключевые слова Россия
a Ключевые слова система образования
a Ключевые слова социально-педагогический процесс
a Ключевые слова специальное образование
a Ключевые слова школьное обучение
773 t Заглавие источника Вестник Московского университета. Серия 18, Социология и политология
d Дата издания источника 2003
g Прочая информация № 4. - С. 149 - 158 : табл.
w Контрольный № источника RU/IS/BASE/124899300
901 t Тип документа b